00509nam a22001457a 4500008004100000020001500041050002100056100002000077245007500097260005400172300001600226650004900242650003600291650003600327220322b |||||||| |||| 00| 0 eng d a9966046116 aHC865b.M85 2016 aMuigua, Kariuki aNurturing our environment for sustainable developmentcKariuki, Muigua aNairobi, KenyabGlenwood Publishers Limitedc2016 axxix, 399p. aEconomic development venvironmental aspects aSustainable development zKenya aEnvironmental protectionzKenya